00233nam a2200085Ia 450000100070000000500170000700800410002424500550006526000270012065391020250826154507.0250824s9999 xx 000 0 und d 0aGÖKKUŞAĞI ÖYKÜLERİcMURAT ÇİFTKAYA bGENÇ HAYAT YAYINLARI